000 00665nam a22002417a 4500
001 7639
003 FISKH
005 20250730080225.0
008 250729b cb ||||| |||| 00| 0 eng d
020 _a039517189X
040 _aFISKH
_beng
_cFISKH
_dFISKH
050 _aPZ7
100 _aNiehaus, Bess
245 _aJust like a real raccoon /
_cBy Bees Niehaus
260 _aBoston :
_bHoughton Mifflin Company ,
_c1973.
300 _a16 pages :
_bcolor illustrations ;
_c25 cm .
505 _aJ
521 8 _a500
_bLexile estimate
521 8 _aJ
_bRaz-Plus
700 _aFroud, Brain
_eIllustrator
942 _2ddc
_cBK
_n0
999 _c7639
_d7639